| 000 | 01188nam a2200349 i 4500 | ||
|---|---|---|---|
| 001 | 168698 | ||
| 003 | ES-MaACL | ||
| 005 | 20251108111606.0 | ||
| 008 | 080514s2004 sp |||| |dspa d | ||
| 020 | _a84-670-1693-0 | ||
| 080 | _a929 Montseny, Federica | ||
| 080 | _a331.105.44(460)(091) | ||
| 080 | _a94(460)"1931/39" | ||
| 080 | _a94(460)"1939/75" | ||
| 100 | 1 |
_aLozano, Irene. _9137785 |
|
| 245 | 1 | 0 |
_aFederica Montseny _b: una anarquista en el poder / _cIrene Lozano. |
| 260 |
_aMadrid : _bEspasa-Calpe, _c2004. |
||
| 300 |
_a430 p. : _b[16] p. de fot. ; _c23 cm. |
||
| 490 | 1 | _aEspasa fórum | |
| 500 | _aÍndice onomástico. | ||
| 504 | _aBibliografía. | ||
| 600 | 1 | 4 |
_aMontseny, Federica, _d1905-1994 _9240807 |
| 610 | 1 | 4 |
_aConfederación Nacional del Trabajo (España)- _vHistoria. _9167896 |
| 650 | 7 |
_2embne _99783 _aAnarquismo |
|
| 651 | 4 |
_aEspaña- _xHistoria- _y1931-1939, II República. _98283 |
|
| 651 | 4 |
_aEspaña- _xHistoria- _y1939-1975, Dictadura. _9167928 |
|
| 830 | 0 |
_aEspasa fórum _9179708 |
|
| 852 |
_aES-MaACL _jL-29515 |
||
| 942 |
_2udc _cMONOGRAFIA _n0 |
||
| 999 |
_c168698 _d168698 |
||